Second part of the History of Henry 4,part 2 / (Record no. 668)
[ view plain ]
| 000 -LEADER | |
|---|---|
| fixed length control field | 00402cam a2200145ua 4500 |
| 041 ## - LANGUAGE CODE | |
| Language code of text/sound track or separate title | eng |
| 082 ## - DEWEY DECIMAL CLASSIFICATION NUMBER | |
| Classification number | 822 |
| Item number | SHA/SE |
| 100 ## - MAIN ENTRY--AUTHOR NAME | |
| Personal name | Shakespeare, William. |
| 245 ## - TITLE STATEMENT | |
| Title | Second part of the History of Henry 4,part 2 / |
| 260 ## - PUBLICATION, DISTRIBUTION, ETC. (IMPRINT) | |
| Place of publication | London : |
| Name of publisher | Cambridge at the University Press , |
| Year of publication | 1958. |
| 300 ## - PHYSICAL DESCRIPTION | |
| Number of Pages | 130 ; . |
| 942 ## - ADDED ENTRY ELEMENTS (KOHA) | |
| Koha item type | Books |
| Withdrawn status | Lost status | Damaged status | Home library | Current library | Date acquired | Full call number | Accession Number | Koha item type |
|---|---|---|---|---|---|---|---|---|
| Withdrawn | Malayalam University | KAUAET | 07/04/2012 | 822 | 6044 | Books |
